000 01112nac a22003377a 4500
001 BR2010004592
003 BR-BrBNA
005 20240105123849.0
008 230509b bl.|||m| |||| 00| 0 por d
040 _aBR-BrBNA
_bpor
_cBiblioteca Nacional de Agricultura
072 _aF61; F60
090 _a3820 BR2010004592
100 1 _aAlcantara, R.M.C.M. de
100 1 _aSousa, S.R. de
100 1 _aXavier, G.R.
100 1 _aRocha, M. de M.
100 1 _aRumjanek, N.G.
110 1 _aEMBRAPA Meio Norte, Teresina, PI (Brasil)
245 1 _aMecanismos bioquímicos, fisiológicos e moleculares relacionados com a eficiência de uso de nitrogênio em leguminosas e gramíneas
260 3 _aTeresina, PI (Brasil):
_c2009.
300 _a39 p.
490 _aDocumentos - EMBRAPA Meio Norte (Brazil)
_vno. 195
_xISSN 0104-866X
500 _aBibliography p. 33-39
650 _aFISIOLOGIA VEGETAL
650 _aMETABOLISMO VEGETAL
650 _aNITROGÊNIO
650 _aABSORÇÃO DE NUTRIENTES
650 _aPLANTA
909 _a202312
_bLúcia Elande
_c55
_dLúcia Elande
942 _2AGRIS
_n0
_cMS
999 _c297311
_d297311